000 004670000a22001690004500
003 MACL
005 20151218133438.0
008 151218b xxu||||| |||| 00| 0 eng d
040 _aMACL
_cMACL
041 _aEnglish
082 _a030/CAS
100 _aCassell And Company Ltd
_921121
245 _aCassells Encyclopaedia of General Information
_bIndia to Morison
260 _bCassell And Company Ltd
650 _aEncyclopaedia
_921122
942 _cBK
_k030/CAS
_2ddc
999 _c40418
_d40418